000 00265pam a2200121 a 4500
020 _c
041 _aeng
100 _aDrew Jhon.
245 _aMan, Microbo& Maladyan
_hTextual Documents
260 _aNew York
_bPenguin Books Ltd
300 _a218p.
930 _a15307
999 _c92207
_d92207